[Event "Milan Province-ch"]
[Site "Milan"]
[Date "2015.01.31"]
[Round "4"]
[White "Uccelli, Federico"]
[Black "Pedroli, Marco"]
[Result "1/2-1/2"]
[WhiteElo "1453"]
[BlackElo "1603"]
[PlyCount "76"]
[EventDate "2015.01.24"]
[EventType "swiss"]
[EventRounds "6"]
[EventCountry "ITA"]
[SourceTitle "EXT 2017"]
[Source "ChessBase"]
[SourceDate "2016.10.25"]
[SourceVersion "1"]
[SourceVersionDate "2016.10.25"]
[SourceQuality "1"]

1. d4 d5 2. c4 e5 3. dxe5 d4 4. Nf3 Nc6 5. e3 Bb4+ 6. Nbd2 Bg4 7. Be2 d3 8. Bf1 Nxe5 9. Qa4+ Nc6 10. Nd4 Bd7 11. Nxc6 Bxd2+ 12. Bxd2 Bxc6 13. Qb3 Nf6 14. Qxd3 0-0 15. Qxd8 Raxd8 16. f3 Rd7 17. Be2 Rfd8 18. 0-0-0 a6 19. Bc3 Ne8 20. Rxd7 Rxd7 21. Rd1 Nd6 22. c5 Nb5 23. Rxd7 Bxd7 24. Kd2 Kf8 25. Kd3 Nxc3 26. Kxc3 a5 27. Kd4 Ke7 28. a3 f6 29. f4 b6 30. b4 axb4 31. axb4 bxc5+ 32. Kxc5 Kd8 33. Bc4 Ke7 34. b5 Kd8 35. h4 h6 36. g4 g5 37. hxg5 hxg5 38. Kd5 Ke7 1/2-1/2

[Event "Milan Province-ch"]
[Site "Milan"]
[Date "2015.01.25"]
[Round "2"]
[White "Pipitone, Filippo Massimo"]
[Black "Uccelli, Federico"]
[Result "1-0"]
[WhiteElo "1545"]
[BlackElo "1453"]
[PlyCount "53"]
[EventDate "2015.01.24"]
[EventType "swiss"]
[EventRounds "6"]
[EventCountry "ITA"]
[SourceTitle "EXT 2017"]
[Source "ChessBase"]
[SourceDate "2016.10.25"]
[SourceVersion "1"]
[SourceVersionDate "2016.10.25"]
[SourceQuality "1"]

1. d4 d5 2. c4 c6 3. Nc3 Nf6 4. Nf3 Bf5 5. e3 e6 6. Bd2 Nbd7 7. h3 Bd6 8. Nh4 Bg6 9. Nxg6 fxg6 10. Bd3 0-0 11. 0-0 Nh5 12. Qc2 Ndf6 13. Rae1 Ng4 14. f4 Nh6 15. Rf3 Qh4 16. Ne2 Nf5 17. g4 Nxe3 18. Rxe3 Bxf4 19. Nxf4 Nxf4 20. Bf1 Rf6 21. Bb4 Rd8 22. Be7 Rdf8 23. Bxf6 Rxf6 24. cxd5 h5 25. dxe6 hxg4 26. e7 gxh3 27. e8Q+ 1-0

[Event "Milan Crespi op-B 34th"]
[Site "Milan"]
[Date "2013.12.07"]
[Round "5"]
[White "Milazzo, Gianluca"]
[Black "Uccelli, Federico"]
[Result "1/2-1/2"]
[WhiteElo "1485"]
[BlackElo "1389"]
[PlyCount "119"]
[EventDate "2013.12.04"]
[EventType "swiss"]
[EventRounds "7"]
[EventCountry "ITA"]
[SourceTitle "EXT 2015"]
[Source "ChessBase"]
[SourceDate "2014.11.20"]
[SourceVersion "1"]
[SourceVersionDate "2014.11.20"]
[SourceQuality "1"]

1. c4 e5 2. Nc3 Nc6 3. g3 Nf6 4. Bg2 Bb4 5. Nd5 Bc5 6. e3 d6 7. Ne2 a6 8. 0-0 Be6 9. a3 Qd7 10. b4 Bb6 11. Bb2 Ne7 12. Nec3 Nexd5 13. Nxd5 Nxd5 14. cxd5 Bh3 15. d4 Bxg2 16. Kxg2 f6 17. dxe5 dxe5 18. Rc1 0-0-0 19. e4 Rhf8 20. f4 exf4 21. Rf3 fxg3 22. hxg3 Kb8 23. Bd4 Bxd4 24. Qxd4 c6 25. Rd1 Kc7 26. Rfd3 cxd5 27. exd5 Rfe8 28. d6+ Kb8 29. R3d2 Qc6+ 30. Kh2 Re5 31. Qf4 Rh5+ 32. Kg1 Qh1+ 33. Kf2 Rh2+ 34. Ke3 Re8+ 35. Kd3 Qd5+ 36. Kc3 Rc8+ 37. Kb2 Rxd2+ 38. Rxd2 Qe5+ 39. Qxe5 fxe5 40. Kb3 Rd8 41. Kc4 Kc8 42. Kd5 Kd7 43. Kxe5 Re8+ 44. Kd5 Re3 45. Rf2 Rxg3 46. Rf7+ Ke8 47. Rxb7 Rxa3 48. Rxg7 h5 49. Rh7 Rd3+ 50. Kc5 Rc3+ 51. Kb6 Rd3 52. Kxa6 Rxd6+ 53. Kb7 Rd7+ 54. Rxd7 Kxd7 55. b5 h4 56. b6 h3 57. Ka7 h2 58. b7 h1Q 59. b8Q Qa1+ 60. Kb7 1/2-1/2

[Event "Milan Crespi op-B 34th"]
[Site "Milan"]
[Date "2013.12.06"]
[Round "3"]
[White "Viotti, Alberto"]
[Black "Uccelli, Federico"]
[Result "1-0"]
[WhiteElo "1609"]
[BlackElo "1389"]
[PlyCount "91"]
[EventDate "2013.12.04"]
[EventType "swiss"]
[EventRounds "7"]
[EventCountry "ITA"]
[SourceTitle "EXT 2015"]
[Source "ChessBase"]
[SourceDate "2014.11.20"]
[SourceVersion "1"]
[SourceVersionDate "2014.11.20"]
[SourceQuality "1"]

1. d4 d5 2. Nf3 Nf6 3. c3 e6 4. Bg5 Nbd7 5. Nbd2 Be7 6. e3 c6 7. Bd3 h6 8. Bh4 Qc7 9. 0-0 g5 10. Bg3 Bd6 11. Bxd6 Qxd6 12. e4 dxe4 13. Nxe4 Nxe4 14. Bxe4 f5 15. Bc2 Nf6 16. Re1 g4 17. Nh4 Kf7 18. Bb3 Bd7 19. Nxf5 Qf4 20. Re5 Nd5 21. Nd6+ Ke7 22. Nf5+ Kd8 23. Ng3 Rf8 24. Qe2 Kc7 25. Bxd5 exd5 26. Re1 Rae8 27. Nh5 Rxe5 28. dxe5 Qf5 29. Nf6 Be6 30. Qe3 h5 31. Qc5 Ra8 32. Qe7+ Kb6 33. Nxh5 Bf7 34. Ng3 Qg6 35. Qb4+ Kc7 36. a4 a6 37. a5 Re8 38. Qf4 Kc8 39. Qd4 Be6 40. Qa7 Kc7 41. Qb6+ Kc8 42. Qd4 Kc7 43. b4 Bf5 44. Qf4 Kc8 45. Qxf5+ Qxf5 46. Nxf5 1-0